000 00296nam a22001337a 4500
008 171025b xxu||||| |||| 00| 0 eng d
020 _a9780808024231
041 _aeng
080 _a336.2
100 _a55
101 _aTAK
245 _aTOP FEDERAL TAX ISSUES FOR 2011
_cCCH
942 _2udc
_cBK
999 _c35829
_d35829